Reengineering the corporation (Бичлэгийн дугаар. 145877)
| 000 -УДИРДЛАГА | |
|---|---|
| Удирдлага | 01022nam a22003257a 4500 |
| 003 - ХЯНАЛТЫН ТОО ТОДОРХОЙЛОГЧ | |
| Код | MN-UlNUM |
| 005 - БИЧИЛТ ХИЙСЭН ОГНОО | |
| Тухайн бичилтийг бичсэн засварласан сүүлийн огноо | 20251209135939.0 |
| 008 - ЕРӨНХИЙ МЭДЭЭЛЭЛ | |
| Ерөнхий мэдээлэл | 251209b xxu||||| |||| 00| 0 mon d |
| 020 ## - ISBN | |
| ISBN | 0887306403 |
| 040 ## - БИЧЛЭГ ҮҮСГЭГЧ БАЙГУУЛЛАГА | |
| Бичлэг үүсгэгч номын сангийн код | МУИС-ийн номын сан |
| 084 ## - ББК АНГИЛАЛ | |
| Нэмэлт тусгалт | Бусад |
| ББК ангилал | 65.290-2 |
| Зохиогчийн гурван тэмдэгт | H 20 |
| Мэдлэгийн ялгаа | 65 - Эдийн засаг |
| 100 1# - ЗОХИОГЧ | |
| Зохиогчийн нэр | Hammer, Michael |
| Зохиогчийн огноо | 1948-2008. |
| 245 10 - ҮНДСЭН ГАРЧИГ | |
| Номын нэр | Reengineering the corporation |
| Бага гарчгийн мэдээ | a manifesto for business revolution |
| Оролцогчдын тухай мэдээ | Michael Hammer & James Champy. |
| 250 ## - ДАХИН ХЭВЛЭЛТ | |
| Дахин гаралтын дугаар | 1st ed. |
| 260 ## - ГАРАЛТЫН МЭДЭЭ | |
| Хэвлэгдсэн газар | New York, NY: |
| Хэвлэлийн газар | HarperBusiness, |
| Хэвлэгдсэн он | 1993. |
| 300 ## - МАТЕРИАЛЫН ТОДОРХОЙЛОЛТ | |
| хуудасны тоо | vi, 223 p. ; |
| Хэмжээ | 25 cm. |
| 500 ## - Тайлбар | |
| Дансны дугаар | БС 4549 |
| 546 ## - ХЭЛНИЙ ТУХАЙ МЭДЭЭ | |
| Хэл | Англи хэл дээр, |
| 653 ## - Түлхүүр үг | |
| Түлхүүр үг | organizational change |
| 653 ## - Түлхүүр үг | |
| Түлхүүр үг | corporate reorganizations. |
| 653 ## - Түлхүүр үг | |
| Түлхүүр үг | reengineering (Management) |
| 700 1# - ХАМ ЗОХИОГЧИД | |
| Ба бус | Champy, James, |
| Dates associated with a name | 1942- |
| 740 ## - НОМЫН ГАРЧИГ | |
| Гарчиг | The Crisis That Will Not Go Away |
| 740 ## - НОМЫН ГАРЧИГ | |
| Гарчиг | Reengineering-The Path to Change |
| 740 ## - НОМЫН ГАРЧИГ | |
| Гарчиг | Rethinking Business Processes |
| 740 ## - НОМЫН ГАРЧИГ | |
| Гарчиг | The New World of Work |
| 740 ## - НОМЫН ГАРЧИГ | |
| Гарчиг | The Enabling Role of Information Technology |
| 942 ## - ЭЛЕМЕНТИЙН ТӨРӨЛ | |
| Зүйлийн төрөл | Ном |
